Real vs Stage Names in Music: Sudden Death - Statistics

General Stats
  • This quiz has been taken 39 times
    33 since last reset
  • The average score is 7 of 19
Answers on the Grid
Answers color-coded by a green-red scale on the quiz's grid according to % correct below.
Elvis Presley
Drake
Madonna
Mick Jagger (Rolling Stones)
Prince
Morrissey (Smiths, solo)
Ariana Grande
Taylor Swift
Billie Eilish
Eddie Van Halen (Van Halen)
Billy Joel
Beck
Rihanna
Kendrick Lamar
Harry Styles
Britney Spears
Jack White (The White Stripes, solo)
Bjork
Robert Plant (Led Zeppelin)
Zack De La Rocha (Rage Against the Machine)
Nicki Minaj
Freddie Mercury (Queen)
Frank Ocean
Lana Del Rey
Lorde
Chappell Roan
Bruno Mars
Elton John
Debbie Harry (Blondie)
Elvis Costello
 
Answer Stats
Answer % Correct
Taylor Alison Swift Taylor Swift
81%
Ariana Grande-Butera Ariana Grande
76%
Billie Eilish Pirate Baird O’Connell Billie Eilish
76%
Britney Jean Spears Britney Spears
71%
Elvis Aron Presley Elvis Presley
67%
Harry Edward Styles Harry Styles
67%
Edward Lodewijk Van Halen Eddie Van Halen (Van Halen)
43%
Kendrick Lamar Duckworth Kendrick Lamar
38%
Madonna Louise Ciccone Madonna
29%
Michael Philip Jagger Mick Jagger (Rolling Stones)
29%
Robyn Rihanna Fenty Rihanna
29%
William Martin Joel Billy Joel
24%
Robert Anthony Plant Robert Plant (Led Zeppelin)
24%
Bek David Campbell (aka Beck Hansen) Beck
10%
Björk Guðmundsdóttir Bjork
10%
Zacharias Manuel de la Rocha Zack De La Rocha (Rage Against the Machine)
10%
Aubrey Drake Graham Drake
5%
Stephen Patrick Morrissey Morrissey (Smiths, solo)
5%
Prince Rogers Nelson Prince
5%
No matching quizzes found
Score Distribution
Percent of People with Each Score
Percentile by Number Answered
Your Score History
You have not taken this quiz since the last reset